Propuesta de programa para la prevención primaria y terciaria del delito en Costa Rica /

Furkejuvvon:
Bibliográfalaš dieđut
Váldodahkki: Pelleja, Eugenia
Eará dahkkit: Perearnau, Ma Angeles
Materiálatiipa: Texto
Fáttát:
Fáddágilkorat: Lasit fáddágilkoriid
Eai fáddágilkorat, Lasit vuosttaš fáddágilkora!

MARC

LEADER 00000 a a2200000 04500
001 47625
003
040
090 |a REV0857 8 (23) 1982  
100 |a Pelleja, Eugenia  
245 |a Propuesta de programa para la prevención primaria y terciaria del delito en Costa Rica /  |c Eugenia Pelleja, Ma. Angeles Perearnau  
650 |a PREVENCION DEL CRIMEN  
650 |a DELITOS  
650 |2 Macrothesaurus de la OCDE/  
650 |a JUVENTUD  
650 |a ASPECTOS SOCIALES  
650 |a COSTA RICA  
700 |a Perearnau, Ma Angeles  
773 |g volumen8, número23, setiembre-diciembre (1982)  
999 |c 39960  |d 39960